Tony Best Play Quiz Stats

 Plays Quiz Updated Jun 10, 2021

     
Support Sporcle.
Go Orange.
Score 0/73 Timer 07:00
5 Plays Today
Year Play % Correct
1949Death of a Salesman
73.4%
2019The Ferryman
61.8%
2020The Inheritance
60.8%
2017Oslo
59.5%
1953The Crucible
59.2%
2018Harry Potter and the Cursed Child
58.3%
2016The Humans
56.6%
1994Angels in America: Perestroika
53.2%
1993Angels in America:Millennium Approaches
53%
1963Who's Afraid of Virginia Woolf?
50.7%
2005Doubt
50.5%
2008August: Osage County
50.4%
2015Curious Incident of the Dog in the Night-Time
49.2%
1987Fences
48.3%
2001Proof
47.2%
1978Da
44.4%
2009God of Carnage
44%
1998'Art'
43.4%
2012Clybourne Park
43.3%
2014All the Way
43.2%
1957Long Day's Journey Into Night
42.9%
1975Equus
42.9%
1981Amadeus
41.6%
2010Red
40.2%
1968Rosencrantz & Guildenstern Are Dead
39.3%
2002The Goat
38.8%
2006The History Boys
38.5%
1948Mister Roberts
38.5%
1991Lost in Yonkers
38.4%
1985Biloxi Blues
38.3%
1951The Rose Tattoo
38%
2013Vanya and Sonia and Masha and Spike
37.9%
2007The Coast of Utopia
37.4%
1956The Diary of Anne Frank
37%
1960The Miracle Worker
36.7%
2000Copenhagen
36.4%
1962A Man for All Seasons
36.2%
Year Play % Correct
2011War Horse
36.1%
2003Take Me Out
35.3%
2004I Am My Own Wife
35.1%
1979The Elephant Man
35%
1961Becket
34.9%
1989The Heidi Chronicles
34.4%
1990The Grapes of Wrath
34.1%
1959J.B.
34%
1988M. Butterfly
33.9%
1996Master Class
33.8%
1980Children of a Lesser God
33.8%
1966The Persecution and Assassination of Jean Paul Marat as Performed by the Inmates of the Asylum of Charenton Under the Direction of the Marquis de Sade
33.7%
1983Torch Song Trilogy
33.5%
1984The Real Thing
32.9%
1971Sleuth
32.7%
1995Love! Valour! Compassion!
32.3%
1950The Cocktail Party
32%
1999Side Man
31.9%
1967The Homecoming
31.4%
1952The Fourposter
31.3%
1992Dancing at Lughnasa
31.3%
1965The Subject Was Roses
31.1%
1973That Championship Season
30.7%
1964Luther
30.5%
1954The Teahouse of the August Moon
30.4%
1969The Great White Hope
30.2%
1976Travesties
29.5%
1986I'm Not Rappaport
29.1%
1977The Shadow Box
28.4%
1958Sunrise at Campobello
28.3%
1974The River Niger
27.7%
1997The Last Night of Ballyhoo
27.3%
1970Borstal Boy
27.2%
1972Sticks and Bones
27.2%
1982The Life and Adventures of Nicholas Nickleby
27%
1955The Desperate Hours
26.2%

From the Vault

Star Wars Crawls by Any Word

by teedslaststand

Movies 6m
A long time ago in a Sporcle quiz not so far away...
Remove Ads.
Support Sporcle.
Get the best of Sporcle when you Go Orange. This ad-free experience offers more features, more stats, and more fun while also helping to support Sporcle. Thank you for becoming a member.

Show Comments

Extras

Top Quizzes Today


Score Distribution

Your Account Isn't Verified!

In order to create a playlist on Sporcle, you need to verify the email address you used during registration. Go to your Sporcle Settings to finish the process.

Report this User

Report this user for behavior that violates our Community Guidelines.

Details: